=LDR 00000nam 2200000 4500 =001 INLIS000000000007205 =005 20130612095238 =008 ***********************************Ind** =035 ##$$0010-061300000007205 =041 ##$$a Ind =082 ##$$a 2x0.57 =090 ##$$a 2x0.57, Ane i =100 ##$$a Anees, Munawar Ahmad =245 ##$$a Islam dan bilogi, Munawar Ahmad Anees =260 ##$$a 1994 $b Bandung =300 ##$$a 268 hlm., 23 cm =650 ##$$a Islam dan Biologi